[Event "Saarland-ch C"]
[Site "Saarlouis Steinrausch"]
[Date "2005.03.26"]
[Round "9"]
[White "Maurer, Dennis"]
[Black "Zimmer, Bernhard"]
[Result "0-1"]
[WhiteElo "1160"]
[BlackElo "1318"]
[PlyCount "76"]
[EventDate "2005.03.18"]
[EventType "swiss"]
[EventRounds "9"]
[EventCountry "GER"]
[SourceTitle "EXT 2012"]
[Source "ChessBase"]
[SourceDate "2011.11.24"]
[SourceVersion "1"]
[SourceVersionDate "2011.11.24"]
[SourceQuality "1"]

1. d4 d5 2. Nf3 Nf6 3. Bg5 e6 4. e3 Bd6 5. Nc3 Nbd7 6. Bd3 c6 7. 0-0 0-0 8. Re1 e5 9. dxe5 Nxe5 10. Nxe5 Bxe5 11. Qd2 Bxh2+ 12. Kf1 Bc7 13. e4 dxe4 14. Nxe4 Nxe4 15. Bxe4 Qxd2 16. Bxd2 f5 17. Bd3 Bd6 18. Re2 Bd7 19. Rae1 f4 20. f3 g5 21. Bc4+ Kg7 22. Bc3+ Kh6 23. Kf2 Bc5+ 24. Kf1 Rad8 25. b4 Be3 26. Bd2 Bxd2 27. Rxd2 Bf5 28. Rde2 b5 29. Bb3 g4 30. Be6 Kg5 31. Bxf5 Rxf5 32. Re7 h5 33. Rxa7 Rd2 34. Ree7 g3 35. Rg7+ Kh4 36. Rgf7 Rf2+ 37. Kg1 Rxf7 38. Rxf7 Kg5 0-1

[Event "Saarland-ch C"]
[Site "Saarlouis Steinrausch"]
[Date "2005.03.25"]
[Round "8"]
[White "Zimmer, Bernhard"]
[Black "Assaf, Amir"]
[Result "0-1"]
[WhiteElo "1318"]
[BlackElo "1452"]
[PlyCount "69"]
[EventDate "2005.03.18"]
[EventType "swiss"]
[EventRounds "9"]
[EventCountry "GER"]
[SourceTitle "EXT 2012"]
[Source "ChessBase"]
[SourceDate "2011.11.24"]
[SourceVersion "1"]
[SourceVersionDate "2011.11.24"]
[SourceQuality "1"]

1. d4 f5 2. Nf3 Nf6 3. Nbd2 e6 4. e3 Be7 5. Bd3 d5 6. c4 c6 7. 0-0 Nbd7 8. b3 0-0 9. c5 b6 10. b4 a5 11. Ba3 axb4 12. Bxb4 bxc5 13. dxc5 Bxc5 14. Bxc5 Nxc5 15. Qe2 Nxd3 16. Qxd3 Ba6 17. Qc3 Bxf1 18. Qxc6 Ra6 19. Qb7 Rb6 20. Qa7 Ba6 21. Nd4 Rf7 22. Qxf7+ Kxf7 23. N2b3 Bc4 24. Nd2 Rb2 25. Nxc4 dxc4 26. g3 Qb6 27. Kg2 Qb7+ 28. Kg1 Rb1+ 29. Rxb1 Qxb1+ 30. Kg2 Qxa2 31. Kf3 c3 32. Ne2 c2 33. Kg2 Ne4 34. Nc1 Qb1 35. Nd3 0-1

[Event "Saarland-ch C"]
[Site "Saarlouis Steinrausch"]
[Date "2005.03.23"]
[Round "6"]
[White "John, Franz"]
[Black "Zimmer, Bernhard"]
[Result "0-1"]
[WhiteElo "1248"]
[BlackElo "1318"]
[PlyCount "77"]
[EventDate "2005.03.18"]
[EventType "swiss"]
[EventRounds "9"]
[EventCountry "GER"]
[SourceTitle "EXT 2012"]
[Source "ChessBase"]
[SourceDate "2011.11.24"]
[SourceVersion "1"]
[SourceVersionDate "2011.11.24"]
[SourceQuality "1"]

1. d4 d5 2. c4 c6 3. Nf3 e6 4. e3 dxc4 5. Bxc4 Bd6 6. 0-0 Nf6 7. Bd3 0-0 8. Nc3 Nbd7 9. Qc2 Re8 10. Ne4 Nxe4 11. Bxe4 f5 12. Bd3 Rf8 13. b3 Qf6 14. Bb2 Qg6 15. g3 Qh6 16. Bc1 Qh5 17. Be2 Qe8 18. Nh4 Be7 19. Ng2 Nf6 20. Bf3 Nd5 21. Nf4 Nf6 22. Bb2 Bd6 23. Rfe1 e5 24. Qc4+ Kh8 25. dxe5 Bxe5 26. Bxe5 Qxe5 27. Rad1 Bd7 28. Nh5 Be6 29. Qd4 Qa5 30. Nxf6 Rad8 31. Qxd8 Rxd8 32. Rxd8+ Qxd8 33. Rd1 Qxf6 34. h4 h6 35. Bg2 Qb2 36. Rd6 Bg8 37. Bh3 Qxa2 38. Bxf5 Qxb3 39. e4 0-1

[Event "Saarland-ch C"]
[Site "Saarlouis Steinrausch"]
[Date "2005.03.22"]
[Round "5"]
[White "Zimmer, Bernhard"]
[Black "Stolz, Susanne"]
[Result "1-0"]
[WhiteElo "1318"]
[BlackElo "1322"]
[PlyCount "129"]
[EventDate "2005.03.18"]
[EventType "swiss"]
[EventRounds "9"]
[EventCountry "GER"]
[SourceTitle "EXT 2012"]
[Source "ChessBase"]
[SourceDate "2011.11.24"]
[SourceVersion "1"]
[SourceVersionDate "2011.11.24"]
[SourceQuality "1"]

1. d4 Nf6 2. Nf3 e6 3. e3 d5 4. Bd3 c5 5. c3 Qb6 6. Nbd2 Nc6 7. 0-0 Bd6 8. Qe2 c4 9. Bc2 Qc7 10. Re1 0-0 11. e4 Ng4 12. e5 Be7 13. Nf1 Re8 14. h3 Nh6 15. Bxh6 gxh6 16. Ng3 Kh8 17. Qe3 Bf8 18. Nh5 Ne7 19. Nf6 Nf5 20. Qf4 Rd8 21. g4 Bg7 22. Nh5 Rg8 23. Kh1 Ne7 24. Nxg7 Rxg7 25. Qxh6 b5 26. h4 Qd8 27. h5 Qg8 28. Qf6 h6 29. Rg1 Ng6 30. hxg6 Bd7 31. Rg3 fxg6 32. Bxg6 Rf8 33. Rh3 Rxf6 34. Rxh6+ Rh7 35. Rxh7+ Qxh7+ 36. Bxh7 Kxh7 37. Kg2 Kg6 38. Rh1 Kg7 39. Kg3 a5 40. a3 Rf8 41. g5 Rb8 42. Rh6 b4 43. cxb4 axb4 44. axb4 Rxb4 45. Rf6 Rxb2 46. g6 Rb7 47. Ne1 Kh6 48. Kf4 Rb2 49. Ke3 Kg7 50. Rf7+ Kxg6 51. Rxd7 Kf5 52. Rf7+ Kg4 53. Rf6 Rb3+ 54. Kd2 Rb6 55. Kc3 Rb3+ 56. Kc2 Rb6 57. f3+ Kg3 58. f4 Kf2 59. f5 Ra6 60. fxe6+ Kxe1 61. e7 Ra2+ 62. Kb1 Ra3 63. e8Q Rb3+ 64. Ka2 Rb4 65. Ka3 1-0

[Event "Saarland-ch C"]
[Site "Saarlouis Steinrausch"]
[Date "2005.03.18"]
[Round "1"]
[White "Zimmer, Bernhard"]
[Black "Bauer, Tobias"]
[Result "0-1"]
[WhiteElo "1318"]
[BlackElo "1200"]
[PlyCount "88"]
[EventDate "2005.03.18"]
[EventType "swiss"]
[EventRounds "9"]
[EventCountry "GER"]
[SourceTitle "EXT 2012"]
[Source "ChessBase"]
[SourceDate "2011.11.24"]
[SourceVersion "1"]
[SourceVersionDate "2011.11.24"]
[SourceQuality "1"]

1. d4 Nf6 2. Nf3 d5 3. e3 a6 4. Bd3 Nc6 5. c3 e6 6. 0-0 Bd6 7. Nbd2 e5 8. e4 exd4 9. cxd4 0-0 10. e5 Nxd4 11. exf6 Qxf6 12. Nxd4 Qxd4 13. Nf3 Qf6 14. Bd2 Qxb2 15. Bxh7+ Kxh7 16. Ng5+ Kg8 17. Qh5 Bf5 18. Nf3 Be4 19. Be3 Bxf3 20. Qxf3 Qe5 21. g3 Qe4 22. Qe2 Rfe8 23. Qd2 Bb4 24. Qb2 c5 25. a3 d4 26. Bf4 Bc3 27. f3 Bxb2 28. fxe4 Bxa1 29. Rxa1 Rxe4 30. Rb1 b5 31. Kf2 d3 32. Kf3 Ree8 33. Bd2 Rac8 34. Bc3 Kh7 35. h4 Kg6 36. Rb2 f6 37. Rh2 Rb8 38. h5+ Kh7 39. Rb2 f5 40. Kf4 g6 41. Kg5 gxh5 42. Kxh5 Re2 43. Rxe2 dxe2 44. Kg5 b4 0-1

[Event "Saarlouis op 6th"]
[Site "Saarlouis"]
[Date "2003.05.30"]
[Round "4"]
[White "Hoefer, Michael"]
[Black "Zimmer, Bernhard"]
[Result "0-1"]
[WhiteElo "1200"]
[BlackElo "1374"]
[PlyCount "44"]
[EventDate "2003.05.??"]
[EventType "swiss"]
[EventRounds "7"]
[EventCountry "GER"]
[SourceTitle "EXT 2006"]
[Source "ChessBase"]
[SourceDate "2005.11.24"]
[SourceVersion "1"]
[SourceVersionDate "2005.11.24"]
[SourceQuality "1"]

1. e4 e5 2. Nf3 Nf6 3. Nc3 Bb4 4. d3 Bxc3+ 5. bxc3 Nc6 6. Ba3 d6 7. g3 Be6 8. Bg2 0-0 9. 0-0 Re8 10. Re1 Bg4 11. Qd2 h6 12. Rab1 b6 13. d4 Na5 14. Qd3 Qd7 15. dxe5 dxe5 16. Nh4 Qe6 17. Qe3 Rad8 18. f3 Nc4 19. Qc1 Bh3 20. Bb2 Bxg2 21. Kxg2 Rd2+ 22. Kg1 Qh3 0-1

[Event "Saarlouis op 5th"]
[Site "Saarlouis"]
[Date "2002.06.01"]
[Round "8"]
[White "Eberhard, Jean Marie"]
[Black "Zimmer, Bernhard"]
[Result "1-0"]
[WhiteElo "1655"]
[BlackElo "1221"]
[PlyCount "67"]
[EventDate "2002.05.??"]
[EventType "swiss"]
[EventRounds "9"]
[EventCountry "GER"]
[SourceTitle "EXT 2006"]
[Source "ChessBase"]
[SourceDate "2005.11.24"]
[SourceVersion "1"]
[SourceVersionDate "2005.11.24"]
[SourceQuality "1"]

1. Nf3 Nf6 2. c4 e6 3. Nc3 b6 4. e4 e5 5. d3 Nc6 6. Bg5 Bb4 7. Be2 Bxc3+ 8. bxc3 d6 9. d4 Qe7 10. d5 Nd8 11. Nd2 h6 12. Bh4 g5 13. Bg3 Bb7 14. f3 c6 15. h4 Nh5 16. Bf2 Nf4 17. Bf1 f6 18. g3 Ng6 19. h5 Nf8 20. Qa4 a6 21. Bxb6 Qd7 22. Bh3 Qe7 23. Bxd8 Qxd8 24. dxc6 Kf7 25. cxb7 Rb8 26. Rb1 Ne6 27. Qxa6 Qc7 28. Bxe6+ Kxe6 29. Rb5 f5 30. exf5+ Kxf5 31. Ne4 Rhd8 32. c5 g4 33. Nxd6+ Kg5 34. Ne4+ 1-0

[Event "Saarlouis op 5th"]
[Site "Saarlouis"]
[Date "2002.05.26"]
[Round "3"]
[White "Vierroth, Hans"]
[Black "Zimmer, Bernhard"]
[Result "1-0"]
[WhiteElo "1668"]
[BlackElo "1221"]
[PlyCount "69"]
[EventDate "2002.05.??"]
[EventType "swiss"]
[EventRounds "9"]
[EventCountry "GER"]
[SourceTitle "EXT 2006"]
[Source "ChessBase"]
[SourceDate "2005.11.24"]
[SourceVersion "1"]
[SourceVersionDate "2005.11.24"]
[SourceQuality "1"]

1. d4 c5 2. d5 d6 3. e4 e5 4. c4 Be7 5. Nc3 Bd7 6. Be2 h6 7. Be3 Bg5 8. Qd2 a6 9. 0-0-0 b5 10. f4 exf4 11. Bxf4 b4 12. Nb1 Ba4 13. Rf1 Bf6 14. b3 Bd7 15. Bxd6 Bd4 16. Nf3 Bg4 17. e5 Bxf3 18. Rxf3 f6 19. Rhf1 Nd7 20. e6 Ne5 21. Bxe5 Bxe5 22. Qd3 a5 23. Qg6+ Ke7 24. Qxg7+ Kd6 25. Qxh8 a4 26. Bd1 Ra7 27. Nd2 f5 28. Qxe5+ Kxe5 29. Rxf5+ Kd6 30. Ne4+ Kc7 31. d6+ Kb6 32. g3 a3 33. Rf8 Qxf8 34. Rxf8 Rg7 35. d7 1-0

[Event "Saarlouis op 4th"]
[Site "Saarlouis"]
[Date "2001.05.23"]
[Round "6"]
[White "Zimmer, Bernhard"]
[Black "Bastian, Stefan"]
[Result "1-0"]
[WhiteElo "1141"]
[BlackElo "989"]
[PlyCount "47"]
[EventDate "2001.05.??"]
[EventType "swiss"]
[EventRounds "9"]
[EventCountry "GER"]
[SourceTitle "EXT 2006"]
[Source "ChessBase"]
[SourceDate "2005.11.24"]
[SourceVersion "1"]
[SourceVersionDate "2005.11.24"]
[SourceQuality "1"]

1. Nf3 e6 2. d4 d5 3. c4 Nf6 4. Nc3 Bb4 5. Bd2 Bxc3 6. Bxc3 dxc4 7. Qa4+ Bd7 8. Qxc4 Ne4 9. Bb4 b5 10. Qd3 f5 11. d5 Na6 12. Bc3 Nxc3 13. bxc3 Qe7 14. e4 exd5 15. e5 c6 16. Be2 Nc5 17. Qc2 Ne4 18. 0-0 Qc5 19. Rac1 a6 20. Bd3 0-0 21. Bxe4 dxe4 22. Ng5 h6 23. e6 Bxe6 24. Nxe6 1-0

[Event "GER Cup Amateur GrC 1st"]
[Site "Voelklingen"]
[Date "2000.10.12"]
[Round "7"]
[White "Stoeckchen, Andreas"]
[Black "Zimmer, Bernhard"]
[Result "1/2-1/2"]
[WhiteElo "1383"]
[BlackElo "729"]
[PlyCount "52"]
[EventDate "2000.10.??"]
[EventType "swiss"]
[EventRounds "9"]
[EventCountry "GER"]
[SourceTitle "EXT 2004"]
[Source "ChessBase"]
[SourceDate "2003.11.25"]
[SourceVersion "1"]
[SourceVersionDate "2003.11.25"]
[SourceQuality "1"]

1. f4 g6 2. Nf3 Bg7 3. g3 b6 4. Bg2 Bb7 5. 0-0 d6 6. d4 f5 7. e3 h6 8. Nh4 Bxg2 9. Kxg2 Kf7 10. Nc3 Nf6 11. h3 e6 12. b3 Ne4 13. Nxe4 fxe4 14. Kh2 Bf6 15. Qg4 Bxh4 16. gxh4 Nc6 17. a3 d5 18. Bd2 a5 19. h5 Rg8 20. hxg6+ Rxg6 21. Qh5 Qf6 22. Rg1 Rag8 23. Rg2 Ne7 24. Rag1 Kf8 25. Rxg6 Rxg6 26. Rxg6 Qxg6 1/2-1/2

[Event "GER Cup Amateur GrC 1st"]
[Site "Voelklingen"]
[Date "2000.10.11"]
[Round "6"]
[White "Zimmer, Bernhard"]
[Black "Schreiber, Winfried"]
[Result "0-1"]
[WhiteElo "729"]
[BlackElo "1452"]
[PlyCount "58"]
[EventDate "2000.10.??"]
[EventType "swiss"]
[EventRounds "9"]
[EventCountry "GER"]
[SourceTitle "EXT 2004"]
[Source "ChessBase"]
[SourceDate "2003.11.25"]
[SourceVersion "1"]
[SourceVersionDate "2003.11.25"]
[SourceQuality "1"]

1. Nf3 Nf6 2. d4 d5 3. c4 e6 4. a3 c5 5. Nc3 cxd4 6. Nxd4 Nc6 7. Nxc6 bxc6 8. b4 a6 9. e3 Bd7 10. Bd3 c5 11. bxc5 Bxc5 12. Rb1 Rb8 13. Rxb8 Qxb8 14. 0-0 h5 15. f3 d4 16. Na4 Bd6 17. f4 dxe3 18. Bxe3 Bxa3 19. Nc5 Bxc5 20. Bxc5 Qc7 21. Bd4 Ng4 22. Qa1 Qc6 23. Bxg7 Ne3 24. Rf3 Rg8 25. Bh7 Qc5 26. Bd4 Rxg2+ 27. Kh1 Qc6 28. Bxe3 Qxf3 29. Qh8+ Rg8# 0-1

[Event "GER Cup Amateur GrC 1st"]
[Site "Voelklingen"]
[Date "2000.10.10"]
[Round "5"]
[White "Schackmann, Ralf"]
[Black "Zimmer, Bernhard"]
[Result "0-1"]
[WhiteElo "1000"]
[BlackElo "729"]
[PlyCount "72"]
[EventDate "2000.10.??"]
[EventType "swiss"]
[EventRounds "9"]
[EventCountry "GER"]
[SourceTitle "EXT 2004"]
[Source "ChessBase"]
[SourceDate "2003.11.25"]
[SourceVersion "1"]
[SourceVersionDate "2003.11.25"]
[SourceQuality "1"]

1. d4 g6 2. e4 d6 3. Nc3 Bg7 4. h3 Nf6 5. Bc4 0-0 6. Nf3 a6 7. Bf4 b5 8. Bb3 e6 9. 0-0 Bb7 10. Re1 Nc6 11. e5 dxe5 12. dxe5 Qxd1 13. Rexd1 Nh5 14. Bh2 Na5 15. g4 Bxf3 16. Rd3 Bc6 17. gxh5 Nxb3 18. cxb3 Rad8 19. Rad1 Rxd3 20. Rxd3 gxh5 21. Bf4 h6 22. Ne2 Kh7 23. Bh2 Ba8 24. f4 f6 25. Rd7 fxe5 26. Rxc7 Bf3 27. Kf2 Bxe2 28. Kxe2 exf4 29. Kf3 e5 30. Bg1 Rd8 31. Ke4 Kg6 32. h4 Rd2 33. Rc6+ Bf6 34. Ba7 Re2+ 35. Kf3 Rxb2 36. Rxa6 Kf5 0-1

[Event "Saarlouis op 3rd"]
[Site "Saarlouis"]
[Date "2000.05.30"]
[Round "5"]
[White "Zimmer, Bernhard"]
[Black "Langenfeld, Olaf"]
[Result "1-0"]
[WhiteElo "700"]
[BlackElo "178"]
[PlyCount "69"]
[EventDate "2000.05.27"]
[EventType "swiss"]
[EventRounds "9"]
[EventCountry "GER"]
[SourceTitle "EXT 2006"]
[Source "ChessBase"]
[SourceDate "2005.11.24"]
[SourceVersion "1"]
[SourceVersionDate "2005.11.24"]
[SourceQuality "1"]

1. d4 d5 2. c4 c6 3. a4 Nf6 4. Nf3 Bf5 5. Nc3 Nbd7 6. e3 e6 7. c5 Be7 8. Be2 Ne4 9. Bd2 0-0 10. 0-0 Qe8 11. b4 f6 12. b5 Qg6 13. Nh4 Qh6 14. Nxf5 exf5 15. Rb1 cxb5 16. Nxb5 a6 17. Nc7 Ra7 18. Nxd5 Bd8 19. Bc4 Ng5 20. Nxf6+ Kh8 21. Nxd7 Bc7 22. f4 Re8 23. Ne5 Ne4 24. Nf7+ Kg8 25. Nxh6+ Kh8 26. Nxf5 g6 27. Nh6 Kg7 28. Ng4 Raa8 29. Rxb7 Re7 30. Ba5 Rc8 31. Bxc7 Rcxc7 32. Rb8 h5 33. Qe1 hxg4 34. Qh4 Nd2 35. Rg8# 1-0